Salud ocupacional / (Registro nro. 6593)
[ vista simple ]
| 000 -LEADER | |
|---|---|
| fixed length control field | 02268cam a2200373 a 4500 |
| 003 - CONTROL NUMBER IDENTIFIER | |
| control field | OSt |
| 005 - DATE AND TIME OF LATEST TRANSACTION | |
| control field | 20200225103231.0 |
| 008 - FIXED-LENGTH DATA ELEMENTS--GENERAL INFORMATION | |
| fixed length control field | 081028s2007 ck ad r 000 0 spa d |
| 015 ## - NATIONAL BIBLIOGRAPHY NUMBER | |
| National bibliography number | SSN |
| 020 ## - INTERNATIONAL STANDARD BOOK NUMBER | |
| International Standard Book Number | 9789586484701 |
| 040 ## - CATALOGING SOURCE | |
| Original cataloging agency | CO-BoPUJ |
| Transcribing agency | CO-JMCR |
| 041 0# - LANGUAGE CODE | |
| Language code of text/sound track or separate title | spa |
| 082 04 - DEWEY DECIMAL CLASSIFICATION NUMBER | |
| Classification number | 614.85 / |
| Item number | A327s |
| 100 1# - MAIN ENTRY--PERSONAL NAME | |
| Personal name | Álvarez Heredia, Franciso, |
| Relator term | autor |
| 9 (RLIN) | 900 |
| 245 1# - TITLE STATEMENT | |
| Title | Salud ocupacional / |
| Statement of responsibility, etc. | Francisco Álvarez Heredia, Leonardo Conti Parra, Fernando Valderrama Mantilla, Oscar Moreno Vargas, Ingrid Juménez Barbosa |
| 250 ## - EDITION STATEMENT | |
| Edition statement | Primera edición |
| 260 ## - PUBLICATION, DISTRIBUTION, ETC. | |
| Place of publication, distribution, etc. | Bogotá : |
| Name of publisher, distributor, etc. | Ecoe Ediciones, |
| Date of publication, distribution, etc. | 2007. |
| 300 ## - PHYSICAL DESCRIPTION | |
| Extent | xxi, 344 páginas : |
| Other physical details | ilustraciones, diagramas, gráficas y tablas a blanco y negro |
| Dimensions | 24 cm. |
| 490 ## - SERIES STATEMENT | |
| Series statement | Colección textos universitarios ; |
| Volume/sequential designation | Área auditoría y administración en salud |
| 500 ## - GENERAL NOTE | |
| General note | incluye datos biográficos del autor en solapa frontal. |
| 504 ## - BIBLIOGRAPHY, ETC. NOTE | |
| Bibliography, etc. note | Incluye referencias bibliográficas páginas 343-344. |
| 505 ## - FORMATTED CONTENTS NOTE | |
| Formatted contents note | Historia de la salud ocupacional -- Salud ocupacional -- Factores de riesgo ocupacionales -- La prevención de riesgos ocupacionales y panoramas de riesgos -- Valores límite permisibles -- Toxicología Clínica -- El ruido -- El fuego -- Accidentes de trabajo -- Enfermedad profesional -- Salud ocupacional y calidad -- Vigilancia epidemiológica de los factores de riesgo -- Salud ocupacional visual -- Desarrollo ergonómico de la salud ocupacional -- Lesiones por trauma acumulativa -- Los derechos de la salud ocupacional -- Calificación de pérdida de capacidad laboral |
| 520 ## - SUMMARY, ETC. | |
| Summary, etc. | Según datos de la OIT, el número de accidentes y enfermedades relacionadas con el trabajo, que anualmente cobra mas de dos millones de vidas, parece estar aumentando debido a la rápida industrialización de algunos países en desarrollo. |
| 650 14 - SUBJECT ADDED ENTRY--TOPICAL TERM | |
| Topical term or geographic name entry element | Salud ocupacional |
| 9 (RLIN) | 891 |
| 650 24 - SUBJECT ADDED ENTRY--TOPICAL TERM | |
| Topical term or geographic name entry element | Accidentes de trabajo |
| 9 (RLIN) | 901 |
| 650 24 - SUBJECT ADDED ENTRY--TOPICAL TERM | |
| Topical term or geographic name entry element | Riesgos laborales |
| 9 (RLIN) | 902 |
| 650 24 - SUBJECT ADDED ENTRY--TOPICAL TERM | |
| Topical term or geographic name entry element | Seguridad industrial |
| 9 (RLIN) | 903 |
| 700 1# - ADDED ENTRY--PERSONAL NAME | |
| Personal name | Conti Parra, Leonardo, |
| Relator term | autor |
| 9 (RLIN) | 904 |
| 700 1# - ADDED ENTRY--PERSONAL NAME | |
| Personal name | Valderrama Mantilla, Fernando, |
| Relator term | autor |
| 9 (RLIN) | 905 |
| 700 1# - ADDED ENTRY--PERSONAL NAME | |
| Personal name | Moreno Vargas, Oscar, |
| Relator term | autor |
| 9 (RLIN) | 906 |
| 700 1# - ADDED ENTRY--PERSONAL NAME | |
| Personal name | Jiménez Barbosa, Indri, |
| Relator term | autor |
| 9 (RLIN) | 907 |
| 942 ## - ADDED ENTRY ELEMENTS (KOHA) | |
| Source of classification or shelving scheme | Dewey Decimal Classification |
| Koha item type | Books |
| Withdrawn status | Lost status | Source of classification or shelving scheme | Damaged status | Not for loan | Home library | Current library | Shelving location | Date acquired | Source of acquisition | Cost, normal purchase price | Total Checkouts | Full call number | Barcode | Date last seen | Date last checked out | Copy number | Price effective from | Koha item type |
|---|---|---|---|---|---|---|---|---|---|---|---|---|---|---|---|---|---|---|
| Dewey Decimal Classification | Biblioteca Pública José María del Castillo y Rada | Biblioteca Pública José María del Castillo y Rada | Processing Center | 02/24/2020 | Donación | 0.00 | 1 | 614.85 / A327s | 201809896 | 11/22/2024 | 11/19/2024 | Ej.1 | 02/25/2020 | Books |